| 000 | 00445cam a2200169ua 4500 | ||
|---|---|---|---|
| 020 | _c2.50 | ||
| 041 |
_amal _h |
||
| 082 |
_a894.8122 _bCHE/EB |
||
| 100 | _aChellappan nair, N.P . | ||
| 245 |
_aEbileesukalude Nattil / _cN.P.Chellappan nair. _hTextual Documents |
||
| 260 |
_aKottayam : _bSahitya Pravarthaka Co-operative Society , _c1962. |
||
| 300 | _a151 ; . | ||
| 365 | _a2.50 | ||
| 504 | _a | ||
| 942 | _cBK | ||
| 999 |
_c1075 _d1075 |
||